| 000 | 00419pam a2200157a 44500 | ||
|---|---|---|---|
| 008 | 230515b2010 xxu||||| |||| 00| 0 eng d | ||
| 020 | _a978-93-80108-44-5 | ||
| 041 | _aENGLISH | ||
| 082 | _a610.73 | ||
| 100 | _aROUSSEL LINDA | ||
| 245 | _aMANAGEMENT AND LEADERSHIP FOR NURSE ADMINISTRATORS | ||
| 250 | _a5 | ||
| 260 |
_a _bJONES & BARTLETT PUBLISHERS. _c2010 |
||
| 300 | _a693 | ||
| 650 | _aNURSING ADMINISTRATION | ||
| 999 |
_c505098 _d505098 |
||